Nationalités des habitants des Émirats Arabes Unis - Statistiques

Statistiques générales
  • Ce quiz a été pris 54 fois
  • Le résultat moyen est 37 sur 50
Statistiques - réponses
Rang Population Pourcentage Pays d'origine % Correct
35 25 000 0,26% France
98%
11 240 000 (?) 2,16% Chine
96%
29 50 000 0,52% États-Unis
96%
1 4 360 000 38,45% Inde
96%
24 70 000 0,73% Arabie Saoudite
94%
40 12 000 0,11% Espagne
94%
19 100 000 1,04% Maroc
94%
47 9 000 0,09% Oman
94%
42 10 000 0,10% Algérie
91%
3 1 310 000 11,50% Émirats Arabes Unis
91%
30 40 000 0,42% Russie
91%
7 480 000 4,23% Égypte
89%
6 540 000 4,72% Iran
89%
2 1 900 000 16,72% Pakistan
89%
26 60 000 0,62% Turquie
89%
21 90 000 0,94% Yémen
89%
27 52 000 0,54% Irak
87%
38 12 000 0,12% Allemagne
85%
36 16 000 0,17% Australie
85%
31 40 000 0,42% Canada
85%
33 39 238 0,39% Tunisie
85%
4 840 000 7,38% Bangladesh
83%
18 100 000 1,04% Liban
83%
16 120 000 1,26% Royaume-Uni
83%
10 224 118 2,21% Syrie
83%
43 10 000 0,10% Italie
79%
17 100 000 1,04% Afrique du Sud
77%
34 30 000 0,30% Ukraine
77%
12 200 000 2,09% Jordanie
74%
22 85 000 0,89% Indonésie
72%
23 75 000 0,78% Soudan
72%
44 10 000 0,10% Corée du Sud
70%
48 9 000 0,09% Pologne
68%
5 780 000 6,89% Philippines
64%
45 10 000 0,10% Thaïlande
64%
13 150 000 1,57% Afghanistan
62%
25 70 000 0,73% Somalie
62%
20 90 000 0,94% Éthiopie
60%
28 50 000 (?) 0,53% (?) Nigeria
60%
32 40 000 0,42% Kenya
57%
41 10 000 0,10% Roumanie
57%
8 360 000 3,15% Népal
53%
49 8 000 0,08% Pays-Bas
53%
9 360 000 3,15% Sri Lanka
53%
50 7 000 0,07% Azerbaïdjan
51%
37 14 000 0,14% Ouzbékistan
51%
39 12 000 0,12% Irlande
47%
14 150 000 1,57% Palestine
36%
46 10 000 0,10% Comores
26%
15 150 000 1,57% Ouganda
26%
Aucun quiz correspondant
Distribution des résultats
% des personnes avec chaque résultat
Percentile par nombre de réponses
Votre historique - résultats
Vous n’avez pas pris ce quiz